Normal view
MARC view
Entry Personal Name
001 - CONTROL NUMBER
- control field: 258991
003 - CONTROL NUMBER IDENTIFIER
- control field: OSt
005 - DATE AND TIME OF LATEST TRANSACTION
- control field: 20260323103741.0
008 - FIXED-LENGTH DATA ELEMENTS
- fixed length control field: 260323|| aca||aabn | a|a d
040 ## - CATALOGING SOURCE
- Original cataloging agency: OSt
- Transcribing agency: OSt
100 ## - HEADING--PERSONAL NAME
- Personal name: PANDE (S)
- Dates associated with a name: पाण्डे (एस)
670 ## - SOURCE DATA FOUND
- Source citation: Work cat.: (OSt)148585: PANDE (S) पाण्डे (एस), Kavi prasad, 1963